000 00217 a2200097 4500
001 3945
100 _aChoulton,F
245 _aOrdinary differential & difference equations
260 _a
_bVan
_c
090 _c3175
_d3175
942 _aNUST-CAE
_cM
_c24169
999 _c239018
_d239018